000 00476nam a2200181 a 4500
001 2218
003 CO-ViMGA
008 141112s2004 ck r 000 u spa d
040 _aCO-ViMGA
_bspa
_cCO-ViMGA
082 0 4 _a576.163 H177
100 1 _aHart, F. Leslie
_950983
245 1 0 _aAnalisis moderno de los alimentos
260 _aZaragoza :
_bAcriba,
_c1991
300 _a619 p : il
590 _aEjemplares : 01
650 1 4 _aALIMENTOS - ANALISIS QUIMICO
942 _2ddc
_cBK
999 _c14323
_d14323